Statistics for Line of songs by Taylor Swift

Click here to take the quiz!

General Stats

  • This quiz has been taken 249 times
  • The average score is 12 of 15

Answer Stats

Line of SongSong Title% Correct
Cause the haters gonna hate hate hate hate hateShake It Off
100%
Marry me Juliet / you never have to be alone / I love you and that's all I realy knowLove Story
99%
Band-aids don't fix bullet holes / you say sorry just for showBad Blood
97%
Say you remember me / standing in a nice dressWildest Dreams
96%
So it's gonna be forever or it's gonna go down in flamesBlank Space
96%
Can't you see that I'm the one who understands youYou Belong With Me
95%
You got that James Dean daydream look in your eyesStyle
95%
It feels like a perfect night for breakfast at midnight22
94%
I remember when we broke up the first timeWe Are Never Ever Getting Back Together
85%
I miss your tan skin / your sweet smile / so good to me so rightBack To December
74%
Looking at it now / It all seem so simple / we we're lying on the groundOut of the Woods
69%
There I was again tonight / Forcing laughter / Faking smilesEnchanted
66%
There's somethin' bout the way / The street looks when it's just rainedFearless
64%
Now I'm standing alone in a crowded room and we're not speakingStory Of Us
62%
Just close your eyes / no one can hurt you nowSafe & Sound
38%

Score Distribution

Percentile by Number Answered

Percent of People with Each Score

Your Score History

You have not taken this quiz